Statistics for 5 largest cities in Italy by photo

Click here to take the quiz!

General Stats

  • This quiz has been taken 17 times
    (8 since last reset)
  • The average score is 4 of 5

Answer Stats

Answer% Correct
Rome
100%
Milano
83%
Naples
83%
Palermo
67%
Turin
67%

Score Distribution

Percentile by Number Answered

Percent of People with Each Score

Your Score History

You have not taken this quiz since the last reset